000 00368nam a2200157Ia 4500
008 230711s9999||||xx |||||||||||||| ||und||
041 _aENG
082 _a624
_bIC-U
100 _aICEC
245 0 _aUK offshore -maintaining self sufficiency
250 _a2nd Ed.
260 _c1986
_aNew York
_bThomas Telford
300 _a210
650 _aArchitecture
942 _cBK
999 _c764
_d764